Kep1er Songs - Statistics

General Stats
  • This quiz has been taken 335 times
    23 since last reset
  • The average score is 19 of 46
Answer Stats
Answer % Correct
Up!
95%
WA DA DA
95%
Giddy
89%
Shooting Star
89%
Galileo
84%
O.O.O (Over&Over&Over)
74%
Back To The City
63%
We Fresh
63%
BUBBLE GUM
58%
MVSK
58%
Lion Tamer
53%
Shine
47%
Yum
47%
Attention
42%
Dreams
42%
Last Carnival
42%
THE GIRLS (Can't turn me down)
42%
TIPI-TAP
42%
Another Dream
37%
Happy Ending
37%
Rewind
37%
See The Light
37%
Curious
32%
Downtown
32%
LE VOYA9E
32%
LVLY
32%
TAPE
32%
Tropical Light
32%
Drip
26%
Flowers, Flutter, Your heart
26%
Good Night
26%
Grand Prix
26%
Love on Lock
26%
PROBLEM
26%
Straight Line
26%
sync-love
26%
The Door
26%
Why
26%
Dear Diary
21%
Double Up!
21%
Ice Tea
21%
PUSH BUTTON
21%
Don't Be Dumb
16%
Heart Surf
16%
Taste Better
16%
Bitter Taste
11%
No matching quizzes found
Score Distribution
Percent of People with Each Score
Percentile by Number Answered
Your Score History
You have not taken this quiz since the last reset